Anatomy of the perineum
Elmentve itt :
| Szerzők: | |
|---|---|
| Dokumentumtípus: | Videó |
| Megjelent: |
2024-04-29
|
| Kulcsszavak: | nemi szervek férfi női anatómia |
| Tárgyszavak: | |
| Online Access: | http://eta.bibl.u-szeged.hu/5943 |
| LEADER | 00777ngm a2200253 i 4500 | ||
|---|---|---|---|
| 001 | eta5943 | ||
| 005 | 20240430085043.0 | ||
| 008 | 240430s2024 hu o 0|| eng d | ||
| 040 | |a SZTE Elektronikus Tananyag Archívum |b hun | ||
| 041 | |a eng | ||
| 100 | 1 | |a Szigeti Csaba | |
| 245 | 1 | 0 | |a Anatomy of the perineum |h [elektronikus dokumentum] / |c Szigeti Csaba |
| 260 | |c 2024-04-29 | ||
| 516 | |a Video | ||
| 650 | 4 | |a Orvos- és egészségtudomány | |
| 650 | 4 | |a Általános orvostudomány | |
| 650 | 4 | |a Anatómia és morfológia | |
| 650 | 4 | |a Humán anatómia | |
| 695 | |a nemi szervek | ||
| 695 | |a férfi | ||
| 695 | |a női | ||
| 695 | |a anatómia | ||
| 700 | 0 | 1 | |a Molnár Gergely |e aut |
| 856 | 4 | 0 | |u https://eta.bibl.u-szeged.hu/5943/1/sem2_3_4_Perineum_ENG_1080p.mp4 |z Dokumentum-elérés |